| 000 | 00354nam a22001337a 4500 | ||
|---|---|---|---|
| 082 | _aT-229 | ||
| 100 |
_aMuhammad Habib _951403 |
||
| 245 | _aThe Study of Aircraft and Firefighting Management at Civil Airports Pakistan | ||
| 260 |
_aRisalpur, _bMCE, _c2018 |
||
| 300 | _a172p | ||
| 526 |
_a0 _b0 _c0 _dT_229 |
||
| 650 |
_aThesis _934811 |
||
| 942 |
_2ddc _cBK |
||
| 999 |
_c554096 _d554096 |
||